| 000 | 00362cam a22001217a 4500 | ||
|---|---|---|---|
| 008 | 180718b1926 xxu||||| |||| 00| 0 eng d | ||
| 082 | _aCox54 Ar22 | ||
| 100 | _aArchbold, W. A. J. | ||
| 245 |
_aOutline of Indian constitutional history _cby W. A. J. Archbold, |
||
| 260 |
_aLondon _bCurzon Press _c1926 |
||
| 300 | _a367p | ||
| 650 | _aConstitutional history --India | ||
| 999 |
_c423194 _d423194 |
||